Leyes agrarias (Registro nro. 22028)

000 -CABECERA
campo de control de longitud fija 00510aam a22002171a 4500
001 - NÚMERO DE CONTROL
campo de control YPZ91507
003 - IDENTIFICADOR DEL NÚMERO DE CONTROL
campo de control YPZ
005 - FECHA Y HORA DE LA ÚLTIMA TRANSACCIÓN
campo de control 20200421110933.0
008 - DATOS DE LONGITUD FIJA--INFORMACIÓN GENERAL
campo de control de longitud fija 090803|###########||||||b||||||||||spa|d
040 ## - FUENTE DE LA CATALOGACIÓN
Centro/agencia transcriptor SIUNPA
041 ## - CÓDIGO DE LENGUA
Código de lengua del texto/banda sonora o título independiente spa
044 ## - CÓDIGO DEL PAÍS DE LA ENTIDAD EDITORA/PRODUCTORA
Código MARC del país ag
080 ## - NÚMERO DE LA CLASIFICACIÓN DECIMAL UNIVERSAL
Número de la Clasificación Decimal Universal 347.243 B279l
100 ## - ENTRADA PRINCIPAL--NOMBRE DE PERSONA
Nombre de persona Barry, Alfredo M..
245 ## - MENCIÓN DE TÍTULO
Título Leyes agrarias
Resto del título / Alfredo M. Barry
260 ## - PUBLICACIÓN, DISTRIBUCIÓN, ETC.
Lugar de publicación, distribución, etc. Buenos Aires
Nombre del editor, distribuidor, etc. : Plus Ultra
Fecha de publicación, distribución, etc. , 1968
300 ## - DESCRIPCIÓN FÍSICA
Extensión 2 v.
650 ## - PUNTO DE ACCESO ADICIONAL DE MATERIA--TÉRMINO DE MATERIA
Término de materia o nombre geográfico como elemento de entrada DERECHO AGRARIO
650 ## - PUNTO DE ACCESO ADICIONAL DE MATERIA--TÉRMINO DE MATERIA
Término de materia o nombre geográfico como elemento de entrada ARGENTINA
942 ## - ELEMENTOS DE PUNTO DE ACCESO ADICIONAL (KOHA)
Tipo de ítem Koha Libros
Fuente del sistema de clasificación o colocación
Existencias
Estado de retiro Estado de pérdida Fuente del sistema de clasificación o colocación Especificación de materiales (volumen encuadernado u otra parte) Estado dañado Restricciones de uso No para préstamo Código de colección Localización permanente Ubicación/localización actual Fecha de adquisición Fuente de adquisición Coste, precio normal de compra Número de inventario Signatura topográfica completa Código de barras Fecha visto por última vez Tipo de ítem Koha
      2   Acceso restringido Ordenado o Solicitado Colección General SIUNPA Biblioteca Académica Malvina Perazo 2009-08-03 Donación Barbería, Elsa 59.00 05-38136 347.243 B279l 05-38136 2019-04-03 Libros
      1   Acceso restringido Ordenado o Solicitado Colección General SIUNPA Biblioteca Académica Malvina Perazo 2009-07-29 Donación Barbería, Elsa 49.00 05-38202 347.243 B279l 05-38202 2019-04-03 Libros